[Event "FIDE World Uni Rapid-D 1st"]
[Site "Tornelo INT"]
[Date "2021.03.21"]
[Round "10"]
[White "Goncalves, Leonardo Yamamoto"]
[Black "Cardenas Quispe, Mariano Anthon"]
[Result "1-0"]
[WhiteElo "1979"]
[BlackElo "1686"]
[PlyCount "135"]
[EventDate "2021.03.20"]
[EventType "swiss (rapid)"]
[EventRounds "12"]
[EventCountry "NET"]
[SourceTitle "EXT 2022"]
[Source "ChessBase"]
[SourceDate "2021.10.06"]
[SourceVersion "1"]
[SourceVersionDate "2021.10.06"]
[SourceQuality "1"]

1. e4 e6 2. d4 d5 3. Nc3 Bb4 4. Bd2 Nf6 5. e5 Nfd7 6. f4 c5 7. Nf3 Nc6 8. Nb5 0-0 9. c3 Ba5 10. Bd3 a6 11. Nd6 Qb6 12. Rb1 h6 13. dxc5 Nxc5 14. Bc2 Ne4 15. Nxe4 dxe4 16. Bxe4 Qa7 17. b4 Bb6 18. Qe2 Bd7 19. a4 a5 20. b5 Ne7 21. Bc2 Rac8 22. Qd3 g6 23. Qxd7 Nd5 24. Bxg6 Rc7 25. Bxf7+ Rxf7 26. Qxe6 Bf2+ 27. Kf1 Nxc3 28. Bxc3 Rxc3 29. b6 Bxb6 30. Qxb6 Rc1+ 31. Ne1 Rxf4+ 32. Ke2 Re4+ 33. Kd2 Qxb6 34. Rxb6 Ra1 35. Rf1 Raxa4 36. Nd3 Ra2+ 37. Rb2 Rxb2+ 38. Nxb2 Rxe5 39. Nc4 Rg5 40. g3 Rh5 41. h4 b5 42. Nxa5 b4 43. Nb3 Rd5+ 44. Kc2 Re5 45. Rf4 Re2+ 46. Kd3 Rg2 47. Rg4+ Kf7 48. Kc4 Rg1 49. Kxb4 Rd1 50. Kc4 Rd8 51. Nd4 Kf6 52. Kd3 Ra8 53. Re4 Ra3+ 54. Ke2 Rxg3 55. Re6+ Kf7 56. Rxh6 Rh3 57. Nf3 Rh1 58. Ke3 Kg7 59. Ra6 Rh3 60. Kf4 Rh1 61. Kg5 Rb1 62. Ra7+ Kg8 63. Ne5 Rg1+ 64. Ng4 Rb1 65. h5 Rb5+ 66. Kg6 Rb6+ 67. Nf6+ Kf8 68. Rf7# 1-0

[Event "FIDE World Uni Rapid-D 1st"]
[Site "Tornelo INT"]
[Date "2021.03.20"]
[Round "3"]
[White "Goncalves, Leonardo Yamamoto"]
[Black "Giannoulakis, Labros"]
[Result "0-1"]
[WhiteElo "1979"]
[BlackElo "2325"]
[PlyCount "132"]
[EventDate "2021.03.20"]
[EventType "swiss (rapid)"]
[EventRounds "12"]
[EventCountry "NET"]
[SourceTitle "EXT 2022"]
[Source "ChessBase"]
[SourceDate "2021.10.06"]
[SourceVersion "1"]
[SourceVersionDate "2021.10.06"]
[SourceQuality "1"]

1. e4 e5 2. Nf3 Nc6 3. d4 exd4 4. Bc4 Nf6 5. 0-0 Nxe4 6. Re1 d5 7. Bxd5 Qxd5 8. Nc3 Qa5 9. Nxe4 Be6 10. Neg5 0-0-0 11. Nxe6 fxe6 12. Rxe6 h6 13. Bf4 Qf5 14. Rxc6 bxc6 15. Bg3 c5 16. Qe2 Qd5 17. Ne5 Bd6 18. Qa6+ Qb7 19. Qxb7+ Kxb7 20. Nf7 Bxg3 21. hxg3 c4 22. Nxh8 Rxh8 23. Rd1 Rd8 24. b3 Kc6 25. bxc4 Kc5 26. Rd3 Kxc4 27. Ra3 Rd7 28. Kf1 c5 29. Ke2 Rf7 30. f3 g5 31. g4 Rb7 32. Kd2 Rb1 33. Ra4+ Kd5 34. Rxa7 Rg1 35. Re7 Rxg2+ 36. Re2 Rg1 37. Rh2 Kc4 38. a4 Ra1 39. Rxh6 Rxa4 40. f4 gxf4 41. Rf6 Ra3 42. Rxf4 Rg3 43. g5 Rxg5 44. Rf3 Rg2+ 45. Kc1 Re2 46. Ra3 Kd5 47. Kd1 Rh2 48. Ra5 Rh5 49. Kd2 Ke4 50. Rb5 Rh2+ 51. Kc1 c4 52. Rb8 Rh1+ 53. Kb2 c3+ 54. Ka2 Ke3 55. Rg8 Re1 56. Rd8 Kd2 57. Rxd4+ Kxc2 58. Rh4 Re2 59. Rh1 Kd3+ 60. Kb1 Kd2 61. Rc1 Re6 62. Rc2+ Kd3 63. Rh2 Re1+ 64. Ka2 c2 65. Rh3+ Kd4 66. Rh4+ Ke5 0-1

[Event "FIDE World Uni Blitz-B 1st"]
[Site "Tornelo INT"]
[Date "2021.03.13"]
[Round "7.20"]
[White "Styazhkina, Anna"]
[Black "Goncalves, Leonardo Yamamoto"]
[Result "1-0"]
[WhiteElo "2294"]
[BlackElo "1979"]
[PlyCount "145"]
[EventDate "2021.03.13"]
[EventType "swiss (blitz)"]
[EventRounds "10"]
[EventCountry "NET"]
[SourceTitle "EXT 2022"]
[Source "ChessBase"]
[SourceDate "2021.10.06"]
[SourceVersion "1"]
[SourceVersionDate "2021.10.06"]
[SourceQuality "1"]

1. e4 c5 2. Nf3 g6 3. d4 cxd4 4. Nxd4 Nf6 5. Nc3 Bg7 6. e5 Ng8 7. f4 Nc6 8. Be3 d6 9. Bb5 Bd7 10. exd6 exd6 11. 0-0 Nge7 12. Ne4 Qc7 13. Ba4 0-0 14. c3 d5 15. Nc5 Bf5 16. Bb3 b6 17. Nd3 Nxd4 18. Bxd4 Bxd4+ 19. cxd4 Bxd3 20. Qxd3 Qd6 21. Rae1 Nc6 22. f5 Rad8 23. f6 h6 24. Re3 Qb4 25. Rd1 Qd6 26. Qf1 Rfe8 27. Rh3 Kh7 28. Qf2 Re6 29. Qh4 Qf8 30. Bc2 Rdd6 31. Rf3 Qd8 32. Rdf1 Nb4 33. Bb1 Re2 34. Rh3 Qf8 35. Qg4 Rxb2 36. a3 Rxb1 37. Rxb1 Nc6 38. Rf1 Qe8 39. Qf4 Qf8 40. Rxh6+ Qxh6 41. Qxd6 Qe3+ 42. Kh1 Nxd4 43. Qe7 Qd3 44. Qxf7+ Kh6 45. Qg7+ Kh5 46. Rg1 Ne6 47. Qh7+ Kg5 48. f7 Qf5 49. Qg8 d4 50. f8Q Nxf8 51. Qc4 d3 52. Rd1 d2 53. Qe2 Ne6 54. Qxd2+ Kf6 55. Qe2 Kg7 56. Rf1 Qd5 57. Qb2+ Kh7 58. Qf6 Ng7 59. Qh4+ Nh5 60. h3 Qe5 61. Kg1 Qe3+ 62. Kh1 Qe5 63. Rf3 Qa1+ 64. Kh2 Qe5+ 65. Kg1 Qa1+ 66. Rf1 Qe5 67. Rf7+ Kg8 68. Rf1 Qe3+ 69. Kh2 Qe5+ 70. Kg1 Qe3+ 71. Qf2 Qe7 72. Qa2+ Kh7 73. Rf7+ 1-0

[Event "Catanduva op"]
[Site "Catanduva"]
[Date "2020.03.13"]
[Round "2"]
[White "Pimenta, Breno Andrade"]
[Black "Goncalves, Leonardo Yamamoto"]
[Result "0-1"]
[WhiteElo "1665"]
[BlackElo "1984"]
[PlyCount "88"]
[EventDate "2020.03.13"]
[EventType "swiss"]
[EventRounds "6"]
[EventCountry "BRA"]
[SourceTitle "CBM 195 Extra"]
[Source "ChessBase"]
[SourceDate "2020.05.31"]
[SourceVersion "1"]
[SourceVersionDate "2020.05.31"]
[SourceQuality "1"]

1. e4 c5 2. Nf3 g6 3. Nc3 Bg7 4. d4 cxd4 5. Nxd4 Nc6 6. Be3 Nf6 7. f3 0-0 8. Qd2 d5 9. 0-0-0 dxe4 10. Nxc6 Qxd2+ 11. Rxd2 bxc6 12. Nxe4 Nd5 13. Bg5 f6 14. c4 fxg5 15. cxd5 g4 16. Kb1 cxd5 17. Rxd5 gxf3 18. gxf3 Rxf3 19. Bc4 Kh8 20. Rd8+ Rf8 21. Rxf8+ Bxf8 22. Ng5 Bf5+ 23. Ka1 Rb8 24. Nf7+ Kg7 25. Re1 h6 26. a3 e6 27. Ne5 Bd6 28. Ka2 Rc8 29. b3 Rc7 30. Nf3 Kf6 31. Re2 Bc5 32. Nd2 Rd7 33. b4 Bb6 34. a4 e5 35. a5 Bc7 36. Nb3 Rd1 37. b5 e4 38. Rb2 Rd8 39. Ka3 e3 40. Re2 Bf4 41. Kb4 Rc8 42. Bd5 Bd6+ 43. Ka4 Be4 44. Bc6 Rxc6 0-1

[Event "Paulista-chTA"]
[Site "Sao Paulo"]
[Date "2015.02.28"]
[Round "2.3"]
[White "Goncalves, Leonardo Yamamoto"]
[Black "Outi, Matheus Goya"]
[Result "1-0"]
[WhiteElo "2119"]
[BlackElo "2046"]
[PlyCount "103"]
[EventDate "2015.02.28"]
[EventType "team-tourn"]
[EventRounds "7"]
[EventCountry "BRA"]
[SourceTitle "EXT 2017"]
[Source "ChessBase"]
[SourceDate "2016.10.25"]
[SourceVersion "1"]
[SourceVersionDate "2016.10.25"]
[SourceQuality "1"]
[WhiteTeam "CXS"]
[BlackTeam "Colegio Albert Sabin"]
[WhiteTeamCountry "BRA"]
[BlackTeamCountry "BRA"]

1. e4 c6 2. d4 d5 3. exd5 cxd5 4. Bd3 Nc6 5. c3 g6 6. Bf4 Bf5 7. Nf3 Bxd3 8. Qxd3 Nf6 9. Nbd2 Bg7 10. 0-0 0-0 11. h3 e6 12. Rfe1 a6 13. Bh2 b5 14. b4 Nd7 15. a4 Qb6 16. axb5 Qxb5 17. Qxb5 axb5 18. Nb3 Rfc8 19. Bd6 Bf8 20. Bxf8 Kxf8 21. Nc5 Nb6 22. Kf1 Rxa1 23. Rxa1 Ra8 24. Rxa8+ Nxa8 25. Ke2 Ke7 26. Kd3 f6 27. Nd2 Nc7 28. f4 Nd8 29. Nf3 Kd6 30. g4 Ke7 31. h4 h5 32. g5 fxg5 33. fxg5 Kf7 34. Ne5+ Kg7 35. Ke3 Kh7 36. Ncd3 Ne8 37. Nf4 Nd6 38. Nexg6 Nf5+ 39. Ke2 Kg7 40. Ne5 Nxh4 41. Nxh5+ Kg8 42. Nf6+ Kg7 43. Ne8+ Kf8 44. Nd6 Nf5 45. Nxb5 Nf7 46. Nxf7 Kxf7 47. Kf3 Kg6 48. Kf4 Nh4 49. Nc7 Ng2+ 50. Kf3 Nh4+ 51. Kg4 Ng2 52. b5 1-0

[Event "Florianopolis op"]
[Site "Florianopolis"]
[Date "2015.01.17"]
[Round "7"]
[White "Goncalves, Leonardo Yamamoto"]
[Black "Queiroz, Alberto Becker"]
[Result "0-1"]
[WhiteElo "1945"]
[BlackElo "2111"]
[PlyCount "104"]
[EventDate "2015.01.14"]
[EventType "swiss"]
[EventRounds "10"]
[EventCountry "BRA"]
[SourceTitle "CBM 164 Extra"]
[Source "ChessBase"]
[SourceDate "2015.03.02"]
[SourceVersion "1"]
[SourceVersionDate "2015.03.02"]
[SourceQuality "1"]

1. e4 c6 2. d4 d5 3. exd5 cxd5 4. Bd3 Nc6 5. c3 Qc7 6. Nf3 Bg4 7. 0-0 e6 8. Nbd2 Bd6 9. Qa4 Nf6 10. b3 0-0 11. Ba3 a6 12. Bxd6 Qxd6 13. b4 Rfc8 14. Rfe1 Ne7 15. Rac1 a5 16. b5 Qf4 17. Qa3 Nf5 18. h3 Bxf3 19. Nxf3 Nd7 20. Bxf5 Qxf5 21. Qe7 Rd8 22. Ne5 Qf6 23. Qa3 Nb6 24. Re3 Re8 25. Rf3 Qe7 26. Qc5 Na4 27. Qxe7 Rxe7 28. c4 f6 29. Nd3 dxc4 30. Rxc4 Nb6 31. Rc1 Rd8 32. Rf4 e5 33. Re1 Rc7 34. Rfe4 exd4 35. Nf4 Rd6 36. Ne6 Rc4 37. Nf4 Rd7 38. Rd1 Rb4 39. Ne2 Rxb5 40. Rexd4 Rxd4 41. Rxd4 Rb1+ 42. Kh2 Rb2 43. Ng3 Rxa2 44. Rd8+ Kf7 45. Rb8 Nc4 46. Rxb7+ Kg6 47. Rc7 Ne5 48. Kg1 Nd3 49. h4 h5 50. Ne4 a4 51. Rc3 Ne5 52. Rg3+ Ng4 0-1

[Event "South America-ch U16 11th"]
[Site "Montevideo"]
[Date "2014.09.14"]
[Round "9"]
[White "Kimelman, Gabriel"]
[Black "Goncalves, Leonardo Yamamoto"]
[Result "1/2-1/2"]
[WhiteElo "2013"]
[BlackElo "1919"]
[PlyCount "39"]
[EventDate "2014.09.08"]
[EventType "swiss"]
[EventRounds "9"]
[EventCountry "URU"]
[SourceTitle "EXT 2016"]
[Source "ChessBase"]
[SourceDate "2015.10.08"]
[SourceVersion "1"]
[SourceVersionDate "2015.10.08"]
[SourceQuality "1"]

1. c4 e5 2. g3 Nf6 3. Bg2 Be7 4. Nc3 0-0 5. Nf3 d6 6. 0-0 c6 7. d3 Re8 8. Bd2 Bf8 9. Qc2 Nbd7 10. b4 d5 11. cxd5 cxd5 12. Nb5 Re6 13. a4 a6 14. Na3 b6 15. Ng5 Re8 16. Qc6 Ra7 17. Qc2 h6 18. Nf3 Rc7 19. Qb3 Bb7 20. Rac1 1/2-1/2

[Event "South America-ch U16 11th"]
[Site "Montevideo"]
[Date "2014.09.09"]
[Round "2"]
[White "Aguilar, Luis Miguel"]
[Black "Goncalves, Leonardo Yamamoto"]
[Result "1-0"]
[WhiteElo "2035"]
[BlackElo "1919"]
[PlyCount "81"]
[EventDate "2014.09.08"]
[EventType "swiss"]
[EventRounds "9"]
[EventCountry "URU"]
[SourceTitle "EXT 2016"]
[Source "ChessBase"]
[SourceDate "2015.10.08"]
[SourceVersion "1"]
[SourceVersionDate "2015.10.08"]
[SourceQuality "1"]

1. g3 e5 2. Bg2 Nf6 3. c4 Be7 4. Nc3 0-0 5. d3 c6 6. Nf3 Qc7 7. 0-0 d6 8. Bd2 Nbd7 9. Rc1 a5 10. a3 Ne8 11. b4 axb4 12. axb4 f5 13. Qb3 Kh8 14. Ra1 Rxa1 15. Rxa1 Ndf6 16. b5 Be6 17. bxc6 bxc6 18. Be3 c5 19. Nb5 Qb6 20. Ra7 Bd8 21. Bd2 Bd7 22. Ng5 e4 23. Qa2 h6 24. Ra6 Qb7 25. Ra7 Qb6 26. Ba5 Qb8 27. Rxd7 Nxd7 28. Ne6 Bxa5 29. Nxf8 Nxf8 30. Qxa5 exd3 31. exd3 Ne6 32. Qe1 Qc8 33. h4 Qd7 34. Bc6 Qe7 35. Bxe8 Qxe8 36. Nxd6 Qd7 37. Nxf5 g6 38. Qe5+ Kh7 39. Nd6 Nd4 40. Kg2 Qc6+ 41. Ne4 1-0

[Event "BRA-ch U16"]
[Site "Tres Rios"]
[Date "2014.05.10"]
[Round "5.3"]
[White "Goncalves, Leonardo Yamamoto"]
[Black "Lage, Pedro Ferreira"]
[Result "1-0"]
[WhiteElo "1953"]
[BlackElo "1731"]
[PlyCount "123"]
[EventDate "2014.05.08"]
[EventType "swiss"]
[EventRounds "6"]
[EventCountry "BRA"]
[SourceTitle "EXT 2022"]
[Source "ChessBase"]
[SourceDate "2021.10.06"]
[SourceVersion "1"]
[SourceVersionDate "2021.10.06"]
[SourceQuality "1"]

1. e4 e6 2. d4 d5 3. Nc3 Bb4 4. Bd2 dxe4 5. Qg4 g6 6. Qxe4 Nf6 7. Qh4 Nbd7 8. Nf3 0-0 9. Bc4 Nb6 10. Bb3 Nbd5 11. 0-0 Nxc3 12. bxc3 Be7 13. Bg5 Re8 14. Rfe1 Nh5 15. Bxe7 Qxe7 16. Qe4 Nf6 17. Qe2 Qd6 18. Ne5 Bd7 19. Qf3 Kg7 20. Qxb7 Nd5 21. Bxd5 exd5 22. Qb4 Qe6 23. Qa5 f6 24. Nd3 Qc6 25. Nc5 Bf5 26. Rxe8 Rxe8 27. h3 h5 28. Rc1 Re2 29. Kf1 Rxc2 30. Rxc2 Bxc2 31. Qxa7 g5 32. Qxc7+ Qxc7 33. Ne6+ Kf7 34. Nxc7 Bd3+ 35. Ke1 Bc4 36. a4 Ke7 37. Nb5 Kd7 38. Na3 Bb3 39. a5 Kc6 40. Kd2 Kb7 41. Nc2 Ka6 42. Ne3 Kxa5 43. g3 Kb6 44. Kd3 Kc6 45. c4 dxc4+ 46. Nxc4 Kd5 47. Ne3+ Ke6 48. Kc3 Ba4 49. h4 gxh4 50. gxh4 Bb5 51. f4 Be2 52. d5+ Kd6 53. Kd4 Bf3 54. Nf5+ Kd7 55. Kc5 Be4 56. Ne3 Bd3 57. Nc4 Bf5 58. Nb6+ Ke7 59. Kc6 Kf7 60. Nc4 Bd3 61. Ne3 Be4 62. Kc7 1-0

[Event "BRA-ch U16"]
[Site "Tres Rios"]
[Date "2014.05.09"]
[Round "3.3"]
[White "Goncalves, Leonardo Yamamoto"]
[Black "Guimaraes, Lucas dos S Peixoto"]
[Result "0-1"]
[WhiteElo "1953"]
[BlackElo "1809"]
[PlyCount "64"]
[EventDate "2014.05.08"]
[EventType "swiss"]
[EventRounds "6"]
[EventCountry "BRA"]
[SourceTitle "EXT 2022"]
[Source "ChessBase"]
[SourceDate "2021.10.06"]
[SourceVersion "1"]
[SourceVersionDate "2021.10.06"]
[SourceQuality "1"]

1. e4 c5 2. Nf3 d6 3. d4 cxd4 4. Nxd4 Nf6 5. Nc3 g6 6. Be3 Bg7 7. Be2 Nc6 8. 0-0 0-0 9. Re1 Bd7 10. h3 Rc8 11. Nb3 a6 12. a4 Na5 13. Nxa5 Qxa5 14. Bf3 Be6 15. Bd4 Rc4 16. e5 Nd7 17. Be2 Rb4 18. Nb5 Rxa4 19. Rxa4 Qxa4 20. Nc7 Bxe5 21. Bxe5 Nxe5 22. b3 Qf4 23. g3 Qf5 24. f4 Nf3+ 25. Bxf3 Qc5+ 26. Kg2 Qxc7 27. g4 Rc8 28. Re2 b5 29. Qe1 Qc5 30. Kg3 Qc3 31. Re3 Qxe1+ 32. Rxe1 Rc3 0-1

[Event "Americana Region-ch 5th"]
[Site "Americana"]
[Date "2014.04.27"]
[Round "4"]
[White "Savian, Fabio Jose"]
[Black "Goncalves, Leonardo Yamamoto"]
[Result "0-1"]
[WhiteElo "2098"]
[BlackElo "1949"]
[PlyCount "68"]
[EventDate "2014.04.26"]
[EventType "swiss"]
[EventRounds "5"]
[EventCountry "BRA"]
[SourceTitle "CBM 160 Extra"]
[Source "ChessBase"]
[SourceDate "2014.07.01"]
[SourceVersion "1"]
[SourceVersionDate "2014.07.01"]
[SourceQuality "1"]

1. b3 g6 2. Bb2 Nf6 3. Bxf6 exf6 4. g3 Bg7 5. Bg2 d6 6. e3 Nd7 7. Ne2 c6 8. d4 f5 9. c4 Nf6 10. Nd2 0-0 11. Qc2 Re8 12. 0-0 Qc7 13. Rab1 Be6 14. b4 d5 15. b5 Bd7 16. bxc6 Bxc6 17. Rfc1 Qd7 18. Nf4 Rac8 19. Qb3 dxc4 20. Rxc4 Bxg2 21. Kxg2 g5 22. Nd3 b6 23. Rbc1 Rxc4 24. Qxc4 f4 25. Ne5 Qb7+ 26. Kg1 fxe3 27. fxe3 Nd5 28. Ng4 h5 29. e4 hxg4 30. exd5 Rd8 31. Qc6 Bxd4+ 32. Kg2 Qe7 33. Qc4 Qe3 34. Ne4 Qf3# 0-1

[Event "Bairro op"]
[Site "Bairro Buritizal"]
[Date "2014.04.12"]
[Round "4"]
[White "Oliveira, Magno"]
[Black "Goncalves, Leonardo Yamamoto"]
[Result "0-1"]
[WhiteElo "1800"]
[BlackElo "1949"]
[PlyCount "56"]
[EventDate "2014.04.11"]
[EventType "swiss"]
[EventRounds "6"]
[EventCountry "BRA"]
[SourceTitle "CBM 160 Extra"]
[Source "ChessBase"]
[SourceDate "2014.07.01"]
[SourceVersion "1"]
[SourceVersionDate "2014.07.01"]
[SourceQuality "1"]

1. d4 b6 2. Nf3 e6 3. e3 Bb7 4. Bd3 Nf6 5. b3 d5 6. Bb2 Be7 7. 0-0 0-0 8. Nbd2 Nbd7 9. Ne5 c5 10. f4 cxd4 11. exd4 Ne4 12. Qe2 f5 13. Rf3 Nxe5 14. fxe5 Qe8 15. a4 Qh5 16. Ba3 Bxa3 17. Rxa3 Qg5 18. Bxe4 dxe4 19. Rg3 Qd8 20. c3 f4 21. Rh3 e3 22. Nf3 Rc8 23. Nd2 exd2 24. Qxd2 Qg5 25. Rg3 Qf5 26. Rh3 f3 27. Ra1 fxg2 28. Qd3 Qf2# 0-1

[Event "Bairro op"]
[Site "Bairro Buritizal"]
[Date "2014.04.11"]
[Round "1"]
[White "Goncalves, Leonardo Yamamoto"]
[Black "Ishida, Leopoldo Tetsuo"]
[Result "1-0"]
[WhiteElo "1949"]
[BlackElo "1488"]
[PlyCount "49"]
[EventDate "2014.04.11"]
[EventType "swiss"]
[EventRounds "6"]
[EventCountry "BRA"]
[SourceTitle "CBM 160 Extra"]
[Source "ChessBase"]
[SourceDate "2014.07.01"]
[SourceVersion "1"]
[SourceVersionDate "2014.07.01"]
[SourceQuality "1"]

1. e4 c6 2. d4 d5 3. exd5 cxd5 4. Bd3 Nc6 5. c3 Nf6 6. Bf4 Bg4 7. Qb3 Qd7 8. Nd2 e6 9. Ngf3 Be7 10. Ne5 Qc8 11. 0-0 0-0 12. Rae1 a6 13. Qc2 Bh5 14. Re3 b5 15. Ndf3 Na5 16. Ng5 Bg6 17. Bxg6 hxg6 18. Nexf7 Rxf7 19. Qxg6 Rf8 20. Nxe6 Rf7 21. Ng5 Qf8 22. Rfe1 Bd8 23. Bd6 Qxd6 24. Qxf7+ Kh8 25. Re8+ 1-0

[Event "Sao Paulo op-A U2300"]
[Site "Sao Paulo"]
[Date "2014.04.06"]
[Round "5"]
[White "Terao, Juliana Sayumi"]
[Black "Goncalves, Leonardo Yamamoto"]
[Result "1-0"]
[WhiteElo "2205"]
[BlackElo "1949"]
[PlyCount "103"]
[EventDate "2014.04.03"]
[EventType "swiss"]
[EventRounds "6"]
[EventCountry "BRA"]
[SourceTitle "CBM 159 Extra"]
[Source "ChessBase"]
[SourceDate "2014.04.24"]
[SourceVersion "1"]
[SourceVersionDate "2014.04.24"]
[SourceQuality "1"]

1. e4 c5 2. Nf3 g6 3. c3 Bg7 4. d4 cxd4 5. cxd4 d5 6. e5 Nc6 7. Bb5 Bg4 8. Nbd2 Nh6 9. h3 Bxf3 10. Bxc6+ bxc6 11. Nxf3 f6 12. exf6 exf6 13. 0-0 0-0 14. Bf4 g5 15. Bh2 Nf7 16. Rc1 Qb6 17. b3 Rfe8 18. Qc2 Rac8 19. Rfe1 Rxe1+ 20. Rxe1 c5 21. Qf5 Qc6 22. dxc5 Nh6 23. Qd3 Qxc5 24. Bg3 Nf7 25. Nd4 Qb4 26. Rd1 Re8 27. Nf5 Re1+ 28. Rxe1 Qxe1+ 29. Kh2 Qe4 30. Qxd5 Qxd5 31. Ne7+ Kf8 32. Nxd5 f5 33. f4 Bd4 34. fxg5 Nxg5 35. Bf4 Ne4 36. g3 Ke8 37. Kg2 a5 38. Kf3 Kd7 39. Ne3 Nc3 40. Nxf5 Bf6 41. a3 Nb5 42. a4 Na7 43. g4 Nc6 44. Ke4 Nd8 45. g5 Bb2 46. h4 Ne6 47. Be3 Bc3 48. h5 Kc6 49. g6 hxg6 50. hxg6 Kd7 51. Kd5 Nc7+ 52. Kc4 1-0

[Event "Sao Paulo op-A U2300"]
[Site "Sao Paulo"]
[Date "2014.04.05"]
[Round "3"]
[White "Christen, Peter Walter"]
[Black "Goncalves, Leonardo Yamamoto"]
[Result "0-1"]
[WhiteElo "1560"]
[BlackElo "1949"]
[PlyCount "72"]
[EventDate "2014.04.03"]
[EventType "swiss"]
[EventRounds "6"]
[EventCountry "BRA"]
[SourceTitle "CBM 159 Extra"]
[Source "ChessBase"]
[SourceDate "2014.04.24"]
[SourceVersion "1"]
[SourceVersionDate "2014.04.24"]
[SourceQuality "1"]

1. e4 c5 2. Na3 g6 3. c3 Bg7 4. Nf3 d5 5. Bb5+ Bd7 6. exd5 Bxb5 7. Nxb5 a6 8. Na3 Qxd5 9. 0-0 Nf6 10. d4 cxd4 11. Nxd4 0-0 12. Be3 Nc6 13. Nac2 Rad8 14. Nxc6 Qxc6 15. Nd4 Qc7 16. Qe2 e5 17. Nb3 Nd5 18. Rfd1 Nxe3 19. Qxe3 Rxd1+ 20. Rxd1 Rd8 21. Rxd8+ Qxd8 22. Qe2 Qd6 23. Nd2 Qd5 24. b3 h5 25. c4 Qd4 26. Nf3 Qa1+ 27. Ne1 Bf8 28. Kf1 Bb4 29. f3 Bxe1 30. Qxe1 Qxa2 31. Qxe5 Qxb3 32. Qe8+ Kg7 33. Qe5+ Kh7 34. Qd5 Qb1+ 35. Ke2 Qb2+ 36. Kf1 Kg7 0-1

[Event "Sao Paulo op 04"]
[Site "Sao Paulo"]
[Date "2014.04.??"]
[Round "7"]
[White "Goncalves, Leonardo Yamamoto"]
[Black "Mekhitarian, Krikor Sevag"]
[Result "0-1"]
[WhiteElo "1949"]
[BlackElo "2562"]
[PlyCount "56"]
[EventDate "2014.04.??"]
[EventType "team-match"]
[EventRounds "7"]
[EventCountry "BRA"]
[SourceTitle "EXT 2015"]
[Source "ChessBase"]
[SourceDate "2014.11.20"]
[SourceVersion "1"]
[SourceVersionDate "2014.11.20"]
[SourceQuality "1"]

1. e4 c5 2. Nf3 d6 3. d4 cxd4 4. Nxd4 Nf6 5. Nc3 e6 6. Be2 Be7 7. Be3 Nc6 8. Nb3 0-0 9. 0-0 a6 10. a4 b6 11. f4 Bb7 12. Bf3 Qc7 13. Qe2 Nb4 14. g4 d5 15. e5 Ne4 16. Bxe4 dxe4 17. Qf2 b5 18. a5 Rac8 19. Rfd1 f6 20. Nd4 Qc4 21. f5 exf5 22. Nxf5 Qe6 23. exf6 Rxf6 24. Nxe7+ Qxe7 25. Bg5 e3 26. Qg3 e2 27. Nxe2 Qc5+ 28. Qe3 Qc6 0-1

[Event "Sao Paulo op 04"]
[Site "Sao Paulo"]
[Date "2014.04.??"]
[Round "3"]
[White "Goncalves, Leonardo Yamamoto"]
[Black "Milos, Gilberto"]
[Result "0-1"]
[WhiteElo "1949"]
[BlackElo "2583"]
[PlyCount "66"]
[EventDate "2014.04.??"]
[EventType "team-match"]
[EventRounds "7"]
[EventCountry "BRA"]
[SourceTitle "EXT 2015"]
[Source "ChessBase"]
[SourceDate "2014.11.20"]
[SourceVersion "1"]
[SourceVersionDate "2014.11.20"]
[SourceQuality "1"]

1. e4 c5 2. Nf3 d6 3. d4 cxd4 4. Nxd4 Nf6 5. Nc3 Nc6 6. Nb3 e6 7. Be3 Be7 8. Be2 a6 9. 0-0 b5 10. a3 Bb7 11. f4 0-0 12. Bf3 Nd7 13. a4 b4 14. Ne2 Qc7 15. Qe1 Nb6 16. Nd2 Na5 17. b3 Nd7 18. Nd4 Bf6 19. Rc1 Rac8 20. Nb1 Bxd4 21. Bxd4 e5 22. Bb2 Nc6 23. Nd2 exf4 24. Bg4 Nce5 25. Rxf4 Nxg4 26. Rxg4 Ne5 27. Rg3 f6 28. Nf3 Qc5+ 29. Kh1 Nxf3 30. gxf3 d5 31. e5 d4 32. Qg1 Qd5 33. exf6 Qxf3+ 0-1

[Event "BRA-ch Amateur"]
[Site "Sao Paulo"]
[Date "2014.03.03"]
[Round "5"]
[White "Goncalves, Leonardo Yamamoto"]
[Black "Medeiros, Francisco de Assis"]
[Result "0-1"]
[WhiteElo "1936"]
[BlackElo "2020"]
[PlyCount "104"]
[EventDate "2014.03.01"]
[EventType "swiss"]
[EventRounds "7"]
[EventCountry "BRA"]
[SourceTitle "EXT 2016"]
[Source "ChessBase"]
[SourceDate "2015.10.08"]
[SourceVersion "1"]
[SourceVersionDate "2015.10.08"]
[SourceQuality "1"]

1. e4 g6 2. d3 c5 3. Nf3 Bg7 4. Be2 Nc6 5. 0-0 Nf6 6. c3 0-0 7. Re1 d5 8. Nbd2 e5 9. Qc2 b6 10. Bf1 Bb7 11. exd5 Nxd5 12. Nc4 Re8 13. g3 Qd7 14. Ng5 Rad8 15. Ne3 h6 16. Ne4 f5 17. Nd2 Kh7 18. Ng2 Nc7 19. a4 Ne6 20. Nc4 Qf7 21. f4 exf4 22. Bxf4 Nxf4 23. gxf4 Qc7 24. Qd2 a6 25. Rxe8 Rxe8 26. Re1 Rd8 27. Qf2 b5 28. axb5 axb5 29. Nd2 Qd6 30. Ne3 b4 31. Nec4 Qc7 32. Nb1 Ne7 33. Ne5 Nd5 34. Bg2 Re8 35. Bxd5 Bxd5 36. cxb4 cxb4 37. d4 Ba8 38. Nd2 Qb7 39. Qg3 Re6 40. Ndf3 Qb6 41. Rd1 Be4 42. Qf2 Qb7 43. Nd2 Bd5 44. Rc1 Ra6 45. Qg3 Qb6 46. Qe3 Ra2 47. Rc5 Ra5 48. Rxa5 Qxa5 49. Kf2 Qa1 50. Nd3 Qh1 51. Kg3 Qg2+ 52. Kh4 Bf6# 0-1

[Event "BRA-ch Amateur"]
[Site "Sao Paulo"]
[Date "2014.03.03"]
[Round "6"]
[White "Saito, Vinicius Ikezu"]
[Black "Goncalves, Leonardo Yamamoto"]
[Result "1/2-1/2"]
[WhiteElo "2080"]
[BlackElo "1936"]
[PlyCount "78"]
[EventDate "2014.03.01"]
[EventType "swiss"]
[EventRounds "7"]
[EventCountry "BRA"]
[SourceTitle "EXT 2016"]
[Source "ChessBase"]
[SourceDate "2015.10.08"]
[SourceVersion "1"]
[SourceVersionDate "2015.10.08"]
[SourceQuality "1"]

1. d4 d6 2. c4 e5 3. Nf3 Nd7 4. Nc3 Ngf6 5. e4 Be7 6. Be2 c6 7. 0-0 0-0 8. h3 a6 9. Be3 b5 10. a3 Bb7 11. dxe5 dxe5 12. Qc2 Qc7 13. Rac1 Rac8 14. Rfd1 Rfd8 15. Qb1 Qb8 16. b4 Nf8 17. c5 Ne6 18. Qa2 Ne8 19. g3 Bf6 20. Bf1 Rc7 21. Ne2 Rcd7 22. Qc2 g6 23. h4 Rxd1 24. Rxd1 Rxd1 25. Qxd1 Bc8 26. Kh2 Qc7 27. Bh3 Bd7 28. Qd3 Qd8 29. Neg1 Qc7 30. Ng5 Nf8 31. Bd2 h6 32. N5f3 Bg7 33. Bc3 Bxh3 34. Kxh3 Qe7 35. Bb2 Nd7 36. Kh2 Qe6 37. Nd2 Kf8 38. Ne2 Ke7 39. Nc1 f5 1/2-1/2